000
00402nam a22001697a 4500
003
MPLRDC
005
20220104114308.0
008
210129b ||||| |||| 00| 0 eng d
082
_a
857.44 ZDZX c.2
100
_a
不详
245
_a
征东征西
_c
260
_a
_b
毅力出版社
_c
300
_b
平
490
_a
大字足本古典名著
650
_a
章回小说
942
_c
BK
_o
857.44 ZDZX c.2
999
_c
6373
_d
6363